00595nam a22002057a 450000500170000000800410001704000070005824500090006525000290007449000240010352001500012765000090027765000140028665000100030065000130031065000110032394200120033499900150034695200280036120250519141020.0250519b |||||||| |||| 00| 0 eng d cDO aIran aJuly 1999 Vol. 196 No. 1 aNational Geographic aIran: Testing the Waters of Reform, Mars on Earth, The Shrinking World of Hornbills, Quest for Color, Celebrating Canyon Country, Humpback Whales xMARS xHORNBILLS xCOLOR xMONUMENT xWHALES 2ddccCR c5542d5542 aDObDOpDSMSR071999-043